| 000 | 00400 a2200121 4500 | ||
|---|---|---|---|
| 001 | ART_27587 | ||
| 005 | 20260410161645.0 | ||
| 008 | 260409a | ||
| 245 | 1 | 0 | _aAtractivo enfoque del instituto de la prescripción liberatoria en materia tributaria |
| 100 | 1 | _aAcevedo, Rodolfo | |
| 700 | 1 | _aCaputo, Romina | |
| 773 | 0 |
_tConsultor tributario _g- Año 8, Nº 94 (dic. 2014) _wREV474 |
|
| 999 |
_c13693 _d13693 |
||